000
00280nam a22001217a 4500
008
190129b xxu||||| |||| 00| 0 eng d
041
_a
eng
080
_a
510
100
_a
36
101
_a
MAT
245
_a
Mathematics A Chronicle of Human Endeavor
_c
Gross,H.I
942
_2
udc
_c
BK
999
_c
53816
_d
53816